G-20 v štruktúre medzinárodných ekonomických vzťahov
G-20 je nová inštitúcia, ktorá vznikla pred jedenástimi rokmi. Stala sa jedným z hlavných aktérov vo svetových finančných vzťahoch a efektívne prispieva ku celosvetovej ekonomickej a finančnej stabilite. Na základe výsledkov práce skupiny G-20 sme svedkami významného posunu k novému modelu multilate...
Enregistré dans:
| Auteur principal: | |
|---|---|
| Format: | Chapitre de livre |
| Langue: | slovaque |
| Sujets: | |
| Tags: |
Pas de tags, Soyez le premier à ajouter un tag!
|
MARC
| LEADER | 00000nla$a2200000$$$4500 | ||
|---|---|---|---|
| 001 | 0127691 | ||
| 005 | 20221103134408.8 | ||
| 041 | 0 | |a slo | |
| 044 | |a SK | ||
| 245 | 1 | 0 | |a G-20 v štruktúre medzinárodných ekonomických vzťahov |c Júlia Hurná |
| 520 | |a G-20 je nová inštitúcia, ktorá vznikla pred jedenástimi rokmi. Stala sa jedným z hlavných aktérov vo svetových finančných vzťahoch a efektívne prispieva ku celosvetovej ekonomickej a finančnej stabilite. Na základe výsledkov práce skupiny G-20 sme svedkami významného posunu k novému modelu multilaterálnej spolupráce. | ||
| 610 | 2 | 0 | |a organizácie |
| 610 | 2 | 0 | |a vzťahy hospodárske medzinárodné |
| 610 | 2 | 0 | |a stabilita finančná |
| 610 | 2 | 0 | |a stabilita hospodárstva |
| 610 | 2 | 0 | |a multilateralita |
| 100 | 1 | |a Hurná, Júlia | |